Statistics for Belgium all time starting xi

Click here to take the quiz!

General Stats

  • This quiz has been taken 93 times
  • The average score is 9 of 11

Answer Stats

HintAnswer% Correct
FW(2008-2022Eder Hazard
98%
GK(2011-Thibaut Courtois
98%
MF(2010-Kevin De bruyne
95%
FW(2010-Romelu Lukaku
94%
DF(2007-
Jan Vertonghen
90%
DF(2004-2019Vincent Kompany
86%
DF(2009-2022Toby Alderweireld
80%
MF(2008-Axel Witsel
74%
FW(2011-Dries Mertens
68%
DF(2006-2021Thomas Vermaelen
52%
MF(1977-1990Jan Ceulemans
20%

Score Distribution

Percentile by Number Answered

Percent of People with Each Score

Your Score History

You have not taken this quiz